00449 a2200145 4500003000400000005001700004008004100021020001500062040000900077082001900086100005000105245010100155260003200256300001500288OSt20231110110247.0231109b |||||||| |||| 00| 0 eng d a9960980383 coclc a297.092bIBN/B1 aIbn ʻAbdul-Maujood, Salaahud-Deen ibn ʻAlee aThe biography of Imām Aboo Dawood Sijistani : bthe compiler of Sunan Aboo Dawood, died 275 AH aRiyadh:bDarrusalam,c2006. a295pc21cm